000 01378cam a2200457 4500
003 PE-LiUPU
005 20250731165620.0
020 _a031142094X
035 _a(Sirsi) i9780311420940
035 _a(Sirsi) 16239
035 _a(Sirsi) 16239
041 _aes
044 _aus
082 0 4 _a492.463
_bCh27
100 1 _aChávez, Moisés
245 _aDiccionario de Hebreo Bíblico /
_cMoisés Chávez.
264 1 _aEl Paso,Tx. :
_bEditorial Mundo Hispano,
_c1992
300 _a910 páginas ;
_c21 cm.
505 0 _aDiccionario bíblico, Hebreo-Español
526 _aSEG44
526 _aSEG26
526 _aP151
526 _aP150
526 _aP149
526 _aP146
526 _aP145
526 _aP126
526 _aP125
526 _aP92
526 _aP75
526 _aP74
526 _aP27
526 _aP15
650 1 4 _aHebreo bíblico
_vDiccionarios
942 _2ddc
_cBOOK
949 _a492.463 Ch27
_i33836
_lPOSTGRADO
_mBUL
_tLIBRO
_o.STAFF. Posgrado
859 _q33836
_h492.463
_iCh27
596 _a1
999 _aRC 492.463 CH27
_wDEWEY
_c57188
_i33836
_d57188
_e2017-6-25
_f2021-11-8
_g5
_lCCODEBUL1
_mBUL
_n12
_q81
_r1
_sY
_tBOOK
_u2015-6-16
_xTEOLOGIA
_zUNKNOWN
_0COMPRA
_o.CIRCNOTE. No olvidar cambiar la fecha de devolución!!!!!!!
_o.STAFF. Colección General
980 _81
_gALBERTO SANCHEZ Responsable de Automatización